<A> tudománypolitika hatása az információtermelésre - nagyban és kicsinyben. 2.
Otázky financovania výskumu a vývoja v Maďarsku. Informačné systémy a ich reorganizácia. Publikačná činnosť vedecko-výskumných pracovníkov, jej dopad na efektívnosť výskumu. Štatistika o výdavkoch a počte pracovníkov (v členení na vedecké oblasti) za r. 1971/89. Kvantitatívne ukazovatele publikačnej...
Guardado en:
| Autor principal: | |
|---|---|
| Formato: | Capítulo de libro |
| Lenguaje: | húngaro |
| Materias: | |
| Etiquetas: |
Sin Etiquetas, Sea el primero en etiquetar este registro!
|
MARC
| LEADER | 00000naa a2200000 4500 | ||
|---|---|---|---|
| 001 | r005767 | ||
| 005 | 20221125113837.6 | ||
| 041 | 0 | |a hun | |
| 044 | |a HU | ||
| 245 | 1 | 0 | |a <A> tudománypolitika hatása az információtermelésre - nagyban és kicsinyben. 2. |c P. Vinkler |
| 520 | |a Otázky financovania výskumu a vývoja v Maďarsku. Informačné systémy a ich reorganizácia. Publikačná činnosť vedecko-výskumných pracovníkov, jej dopad na efektívnosť výskumu. Štatistika o výdavkoch a počte pracovníkov (v členení na vedecké oblasti) za r. 1971/89. Kvantitatívne ukazovatele publikačnej činnosti a propagácie vedy a výskumu v Maďarsku za r. 1979/89. Zahraničné cesty, citácie maďarských výsledkov v zahraničných publikáciách. | ||
| 610 | 2 | 0 | |a veda |
| 610 | 2 | 0 | |a politika vedeckotechnická |
| 610 | 2 | 0 | |a financovanie vedy |
| 610 | 2 | 0 | |a pracovníci vedeckí |
| 610 | 2 | 0 | |a MR |
| 610 | 2 | 0 | |a systémy informačné |
| 610 | 2 | 0 | |a informácie vedecké |
| 610 | 2 | 0 | |a údaje štatistické |
| 610 | 2 | 0 | |a 1971-1989 |
| 100 | 1 | |a Vinkler, P. | |